Normal view
MARC view
Entry Personal Name
001 - CONTROL NUMBER
- control field: 3910
003 - CONTROL NUMBER IDENTIFIER
- control field: BD-RjUL
005 - DATE AND TIME OF LATEST TRANSACTION
- control field: 20220627150336.0
008 - FIXED-LENGTH DATA ELEMENTS
- fixed length control field: 220627|| aca||aabn | a|a d
040 ## - CATALOGING SOURCE
- Original cataloging agency: BD-RjUL
- Transcribing agency: BD-RjUL
100 ## - HEADING--PERSONAL NAME
- Personal name: Ali, Md. Suhrab, Co-Supervisor
670 ## - SOURCE DATA FOUND
- Source citation: Work cat.: (BD-RjUL)80047: Ali, Md. Murshed 3908, EVALUATION OF THYROID STATUS IN PUBERTY GOITER ;, 2007